000 00814cam a2200193 4500
001 WB3943-11
008 031112n2003 000 0 eng u
035 _a(Sirsi) u124304
245 _aRenting Homes
260 _c2003
490 _aLaw Society's Gazette
_v(100/42) 6 November 2003, 5(1)
520 _aThe Law Commission has published a new report that recommends a shake up in landlord and tenant law. Amongst the recommendations contained within 'Renting Homes' was a suggestion for model written agreements that include land lords' and occupiers' rights. To view either the whole report or a summary visit http://www.lawcom.gov.uk/222.htm#lc284.
590 _aWB
650 _aLAW COMMISSION
650 _aHOUSE RENTING
650 _aREFORM
690 _aHOUSING-PRIVATE RENTED SECTOR
942 _n0
999 _c73783
_d73783